| 000 | 02452nam a2200529 i 4500 | ||
|---|---|---|---|
| 001 | 3400623 | ||
| 005 | 20251217182038.0 | ||
| 008 | 230615s2023 nyu c 000 1 eng d | ||
| 020 |
_a9781338752236 : _c$6.99 |
||
| 020 |
_a1338752235 : _c$6.99 |
||
| 035 | _a(OCoLC)1340032094 | ||
| 035 | _a(OCoLC)on1340032094 | ||
| 040 |
_aPABRO _beng _erda _cPABRO |
||
| 050 | 4 |
_aPZ7.S86037 _bFri 2023 |
|
| 082 | 0 | 4 |
_a[Fic] _223 |
| 092 |
_ajunior fiction _bStine |
||
| 100 | 1 |
_aStine, R. L., _eauthor. |
|
| 245 | 1 | 0 |
_aFriiight night / _cR.L. Stine. |
| 246 | 3 | _aFright night | |
| 264 | 1 |
_aNew York, NY : _bScholastic Inc., _c[2023] |
|
| 300 |
_a160 pages ; _c20 cm. |
||
| 336 | _atext | ||
| 337 | _aunmediated | ||
| 338 | _avolume | ||
| 490 | 1 |
_aGoosebumps Slappyworld ; _v19 |
|
| 520 | _aThis is Slappy's world -- You only scream in it! Kelly Crosby is the new kid in school. So far, it's not going so well. He's already gotten lost, had trouble making friends, and annoyed the monster that lives in the school basement. That's right. This new school has a monster. Every year, at a party called Friiight Night, one (un)lucky kid is chosen to be the monster's special guest of honor. Guess whose luck is about to run out? | ||
| 521 | 0 | _a4. | |
| 521 | 1 |
_a8-12 _bBrodart. |
|
| 521 | 2 |
_a3-7 _bBrodart. |
|
| 650 | 0 |
_aSchools _vJuvenile fiction. |
|
| 650 | 1 |
_aSchools _vFiction. _95673727 |
|
| 650 | 0 |
_aMonsters _vJuvenile fiction. _95674163 |
|
| 650 | 1 |
_aMonsters _vFiction. _95674164 |
|
| 650 | 7 |
_aJUVENILE FICTION / Horror. _2bisacsh _95718181 |
|
| 650 | 7 |
_aJUVENILE FICTION / Humorous Stories. _2bisacsh _95685987 |
|
| 650 | 7 |
_aJUVENILE FICTION / Thrillers & Suspense. _2bisacsh _95715418 |
|
| 800 | 1 |
_aStine, R. L. _tGoosebumps Slappyworld ; _v19. _95790617 |
|
| 942 |
_2ddc _cBOOK |
||
| 999 |
_c414338 _d414338 |
||